00777nam a2200241 a 450000100060000000300090000600800410001502000180005604000280007404100080010210000410011024500460015125000110019726000350020830000110024349000350025450000840028965000250037365000390039865000270043765000370046465000340050125602CO-ViMGA141112s2004 ck r 000 u spa d a9789584230898 aCO-ViMGAbspacCO-ViMGA aSPA1 aMolano Vargas, Fernando, 1961 - 199810aVista desde una acera / cFernando Molano a1a ed. aMedellín : bPlaneta, c2013 a257 p. aSeix Barral : biblioteca breve aIncluye datos biográficos del autor en la solapa del libro. Incluye índice.14aAUTORES COLOMBIANOS 14aHOMOSEXUALIDAD MASCULINA - NOVELA 14aINTOLERANCIA - NOVELA 14aLITERATURA COLOMBIANA - SIGLO XX14aNOVELA COLOMBIANA - SIGLO XX